| 000 | 00681nam a2200241Ia 4500 | ||
|---|---|---|---|
| 003 | OSt | ||
| 005 | 20220918223629.0 | ||
| 006 | a|||||r|||| 00| 0 | ||
| 007 | ta | ||
| 008 | 220917b |||||||| |||| 00| 0 eng d | ||
| 024 | _a224,204 | ||
| 037 | _cTextual | ||
| 040 |
_aARTS _cARTS _beng |
||
| 041 |
_2eng _aeng |
||
| 082 | _aV2,8:(D65,8(B)), P4 | ||
| 100 |
_aVerma S. P. Ed. _9146203 |
||
| 245 | 0 | _aInformation technology and Indian administration | |
| 260 |
_aNew Delhi _bKanishka Publishers, Distributors _c2004 |
||
| 300 |
_ax,299p. _ccm. |
||
| 650 | _aHISTORY | ||
| 942 |
_hV2,8:(D65,8(B)), P4 _cTEXL _2CC |
||
| 999 |
_c278996 _d278996 |
||